|
|
|
|
| LEADER |
01094nam a2200229 a 4500 |
| 008 |
090824r20052002enka 000 0 eng d |
| 020 |
|
|
|a 0521534631 (Book plus Cassettes)
|
| 020 |
|
|
|a 0521678722 (Book plus Adio CD)
|
| 040 |
|
|
|a BDS
|b eng
|c BDS
|d Uk
|d SFED:PU
|d NWU
|
| 082 |
0 |
4 |
|a 428.24076
|2 21
|
| 245 |
0 |
0 |
|a Cambridge IELTS 3 :
|b examination papers from the University of Cambridge ESOL Examinations.
|
| 250 |
|
|
|a With answers ed.
|
| 260 |
|
|
|a Cambridge :
|b Cambridge University Press,
|c 2002.[reprinted 2005]
|
| 300 |
|
|
|a iv, 172 p. :
|b ill. ;
|c 25 cm +
|e 2 audio CDs
|
| 541 |
1 |
|
|e 00015136
|
| 650 |
|
0 |
|a English language
|x Study and teaching
|x Problems, exercises, etc.
|
| 650 |
|
0 |
|a International English Language Testing System
|
| 710 |
2 |
|
|a University of Cambridge.
|b Local Examinations Syndicate
|
| 852 |
4 |
|
|a Ayesha Abed Library
|j General Shelf.
|
| 942 |
0 |
0 |
|0 1
|
| 999 |
|
|
|c 3514
|d 3514
|
| 952 |
|
|
|0 0
|1 4
|2 ddc
|4 0
|6 428_240760000000000_CAM
|7 0
|9 3190
|a BRACUL
|b BRACUL
|c GEN
|d 2009-09-02
|g 670.00
|l 14
|m 63
|o 428.24076 CAM
|p 3010015136
|r 2016-04-26
|s 2016-02-29
|t 1
|v 1340.00
|w 2009-09-02
|y BK
|x Koha Inventory 2020
|